00524nam a2200169Ia 450000500170000000800410001702000150005808200130007310000120008624500390009826000310013730000130016850000570018194200060023895200950024499900150033920250704015825.0240331s9999 xx 000 0 und d a9555931003 bNEHa560 aNehru,J 0aPiyekugen ohuge duwata yawunu lipi aSri LankabGihan Bookstore a157 p ., aTranslation of Letters from a father to his Daughter cL 001040708LaWERCLbWERCLcSSCd2024-03-31l0o 560 NEHp2451r2024-03-31w2024-03-31yL c5169d5169